000 01070nam0a2200301 4500
001 RU\NLR\bibl\926732
005 20260405151846.0
010 _a5-17-033941-0
_bАСТ
010 _a5-9578-3063-1
_95000
_bТранзиткнига
021 _aRU
_b2006-4136
_9190
035 _a(NLR Aleph) 000914981
090 _a63543
_c63543
100 _a20060405d2006 |||y0rusy50 ca
101 1 _arus
_ceng
102 _aRU
105 _ay |||||||||
200 1 _aСамая лучшая месть
_e[роман]
_fСтивен Уайт
_g[пер. с англ. С. Самуйлова]
210 _aМосква
_cАСТ
_cТранзиткнига
_d2006
215 _a431 с.
_d21
225 1 _aThe Bestseller
300 _aНа 4-й с. обл. авт.: С. Уайт, психолог
686 _aШ6(7США)67-446{Лх1979-60}
700 1 _4070
_8rus
_7ca
_aУайт
_bС.
_cпсихолог, писатель
_gСтивен
_3RU\NLR\auth\7762997
_945927
801 0 _aRU
_bNLR
_c20060405
_grcr
801 1 _aRU
_bNLR
_c20060405
942 _cBOOK
980 _aNB